Most Premier League Caps Quiz Stats

 Plays Quiz not verified by Sporcle

Challenge
Share
Tweet
Embed
Score 0/20 Timer 10:00
0 Plays Today
Team Answer % Correct
ChelseaJohn Terry
91.7%
Manchester UnitedWayne Rooney
85.7%
ArsenalTheo Walcott
76.2%
Manchester CityJoe Hart
67.9%
EvertonLeighton Baines
66.7%
LeicesterWes Morgan
63.1%
WatfordTroy Deeney
60.7%
TottenhamKyle Walker
57.1%
StokeRyan Shawcross
54.8%
West BromChris Brunt
52.4%
Team Answer % Correct
LiverpoolLucas Leiva
46.4%
BurnleyTom Heaton
44%
MiddlesbroughStewart Downing
44%
SunderlandJohn O'Shea
39.3%
West HamJames Collins
38.1%
Southampton Steven Davis
36.9%
BournemouthSimon Francis
33.3%
Crystal PalaceJoel Ward
32.1%
SwanseaWayne Routledge
29.8%
HullAhmed Elmohamady
27.4%

You're not logged in!

Compare scores with friends on all Sporcle quizzes.
OR
Log In

You Might Also Like...

Show Comments

Extras

Top Quizzes Today


Score Distribution

Your Account Isn't Verified!

In order to create a playlist on Sporcle, you need to verify the email address you used during registration. Go to your Sporcle Settings to finish the process.

Report this User

Report this user for behavior that violates our Community Guidelines.

Details: